IFM Opac

Researching and Writing a Dissertation: (Record no. 22221)

MARC details
000 -LEADER
fixed length control field 00335nam a22001337a 4500
020 ## - INTERNATIONAL STANDARD BOOK NUMBER
ISBN 978-0-273-72343-1
082 ## - DEWEY DECIMAL CLASSIFICATION NUMBER
Classification number 808.02
100 ## - MAIN ENTRY--AUTHOR NAME
Personal name Fisher, Colin
245 ## - TITLE STATEMENT
Title Researching and Writing a Dissertation:
Sub Title An Essential Guide
250 ## - EDITION STATEMENT
Edition statement 3rd
260 ## - PUBLICATION, DISTRIBUTION, ETC. (IMPRINT)
Place of publication Harlow:
Name of publisher Pearson,
Year of publication 2010
300 ## - PHYSICAL DESCRIPTION
Number of Pages xii,438p.: ill.; 24cm
942 ## - ADDED ENTRY ELEMENTS (KOHA)
Koha item type Books
Holdings
Withdrawn status Lost status Damaged status Not for loan Collection code Permanent Location Current Location Shelving location Date acquired Source of acquisition Full call number Accession Number Price effective from Koha item type
        Non-fiction IFM Main Campus Library IFM Main Campus Library Work Room processing 01/26/2026 Purchased 808.02 FIS 0000030931 01/26/2026 Books